Detalles MARC
| 000 -LÍDER |
| Campo fijo de descripción fija |
01689nam a22003497i 4500 |
| 001 - NÚMERO DE CONTROL |
| Campo de control |
768714001 |
| 003 - IDENTIFICADOR DEL NÚMERO DE CONTROL |
| Campo de control |
CO-MdFUSB |
| 005 - FECHA Y HORA DE LA ULTIMA TRANSACCIÓN |
| control field |
20190422071330.0 |
| 008 - ELEMENTOS DE LONGITUD FIJA -- INFORMACIÓN GENERAL |
| Campo fijo de descripción fija -- Información general |
190415t2014 sp eb|| |||| 00| 0 spa d |
| 020 ## - NÚMERO INTERNACIONAL NORMALIZADO PARA LIBROS |
| Número Internacional Normalizado del libro |
9788415732037 |
| 040 ## - FUENTE DE CATALOGACIÓN |
| Agencia de catalogación original |
CO-MdFUSB |
| Idioma de catalogación |
spa |
| Agencia que realiza la transcripción |
CO-MdFUSB |
| Agencia que realiza la modificación |
CO-MdFUSBC |
| Convenciones de la descripción |
rda |
| 041 ## - CÓDIGO DE IDIOMA |
| Código de idioma para texto/pista de sonido o título separado |
spa |
| 082 ## - NÚMERO DE CLASIFICACIÓN DECIMAL DEWEY |
| Número de la edición del Dewey |
23 |
| Número de clasificación |
232.90 |
| Clave de autor-Numero de item |
AS835 |
| 100 ## - ASIENTO PRINCIPAL--NOMBRE PERSONAL |
| Nombre personal |
Aslan, Reza, |
| Término relacionador |
autor |
| Fechas asociadas con el nombre |
1972- |
| 240 ## - TITULO UNIFORME |
| Título uniforme |
<a href="Zealot: The life and times of Jesus of Nazareth">Zealot: The life and times of Jesus of Nazareth</a> |
| 245 #3 - TÍTULO |
| Título del Material |
El zelote : |
| Parte restante del título - Subtitulo |
la vida y época de Jesús de Nazaret. |
| Mención de responsabilidad, etc. |
/ Reza Aslan ; traducido por Varda Fizsbein |
| 264 #1 - PRODUCCIÓN, PUBLICACIÓN, DISTRIBUCIÓN, MANUFACTURA, Y COPYRIGHT |
| Lugar de producción, publicación, distribución, manufactura |
Argentina : |
| Nombre del productor, publicador, distribuidor |
Indicios, |
| Fecha de producción, publicación, distribución, manufactura, o copyright |
[2014] |
| 264 #4 - PRODUCCIÓN, PUBLICACIÓN, DISTRIBUCIÓN, MANUFACTURA, Y COPYRIGHT |
| Fecha de producción, publicación, distribución, manufactura, o copyright |
© 2014 |
| 300 ## - DESCRIPCIÓN FÍSICA |
| Extensión |
347 páginas |
| Dimensiones |
; 23 cm |
| 336 ## - TIPO DE CONTENIDO |
| Fuente |
rdacontent |
| Término de tipo de contenido |
texto |
| Código de tipo de contenido |
txt |
| 337 ## - TIPO DE MEDIO |
| Fuente |
rdamedia |
| Nombre del tipo de medio |
sin mediación |
| Código del tipo de medio |
n |
| 338 ## - TIPO DE SOPORTE |
| Fuente |
rdacarrier |
| Nombre del tipo de soporte |
volumen |
| Código Tipo de soporte |
nc |
| 504 ## - NOTA DE BIBLIOGRAFÍA, ETC. |
| Nota de bibliografía, etc |
Incluye bibliografía (páginas 313-327) |
| 505 ## - NOTA DE CONTENIDO |
| Información miscelánea |
PRIMERA PARTE: |
| Título |
Prólogo: |
| Nota de contenido con formato preestablecido |
Otra clase de sacrificio. -- Un agujero en un rincón. -- Rey de los judíos. -- Vosotros sabéis de dónde soy.<br/>La cuarta filosofía -- ¿Dónde está vuestra flota para surcar los mares romanos? -- Año uno. |
| 505 ## - NOTA DE CONTENIDO |
| Información miscelánea |
SEGUNDA PARTE: |
| Título |
Prólogo: |
| Nota de contenido con formato preestablecido |
El celo por tu casa -- La voz que clama en el desierto. -- Seguidme. -- Por el dedo de Dios. --- Venga a nosotros tu reino.<br/>¿Quién decís que soy?. -- No hay más rey que César |
| 505 ## - NOTA DE CONTENIDO |
| Información miscelánea |
TERCERA PARTE: |
| Título |
Prólogo: |
| Nota de contenido con formato preestablecido |
Dios hecho carne. -- Si Cristo no hubiera resucitado. -- No soy un apóstol. -- El justo. -- Epílogo: Dios verdadero de Dios verdadero. |
| 563 ## - NOTA DE ENCUADERNACIÓN |
| Nota de encuadernación |
Rústico. |
| 600 07 - ASIENTO SECUNDARIO DE MATERIA - NOMBRE PERSONAL |
| Nombre personal |
Jesucristo |
| Subdivisión de forma |
Literatura |
| 650 #7 - ASIENTO SECUNDARIO DE MATERIA - TERMINO TEMÁTICO |
| 9 (RLIN) |
239 |
| Término temático o nombre geográfico como elemento de entrada |
Cristología |
| Subdivisión de forma |
Narrativa |
| 700 ## - ASIENTO SECUNDARIO - NOMBRE PERSONAL |
| 9 (RLIN) |
1640 |
| Nombre personal |
Varda Fizsbein |
| Responsabilidad |
traductor. |
| 942 ## - TIPO DE MATERIAL (KOHA) |
| Tipo de Item KOHA |
Libros General |